| 000 | 00998nam a2200289 a 4500 | ||
|---|---|---|---|
| 003 | CO-ViMGA | ||
| 005 | 20230915233128.0 | ||
| 008 | 130212s2012 ck a jr 0001fdspa d | ||
| 020 | _a9789587057072 | ||
| 040 |
_aCO-ViMGA _bspa _cCO-ViMGA |
||
| 043 | _as-ck--- | ||
| 090 | _aN MACM | ||
| 100 | 1 | 0 |
_aMcCormick, María Inés _d1975- _97814 |
| 245 | 1 | 3 |
_aEl Mohǹ _cMaría Inés McCormick ; ilustraciones Paula Ortiz |
| 250 | _a1a. ed. | ||
| 260 |
_aBogotá _bEdiciones SM _c2012 |
||
| 300 |
_a82 pg̀inas _bilustraciones _c20 cm. |
||
| 490 | 0 |
_aColección el barco de vapor _v19 |
|
| 490 | 0 | _aLeyendas colombianas | |
| 650 | 1 | 4 |
_2LEMB _aLiteratura folclorica _92282 |
| 650 | 1 | 4 |
_2LEMB _aLiteratura infantil colombiana _ySiglo XX _9389 |
| 650 | 1 | 4 |
_2LEMB _aMitologia infantil colombiana _924573 |
| 650 | 1 | 4 |
_2LEMB _aNovela infantil colombiana _ySiglo XX _99380 |
| 650 | 1 | 4 |
_2LEMB _aPersonajes mitolg̤icos en la literatura _924574 |
| 700 | 1 | 0 |
_aOrtiz, Paula _eilustrador _925712 |
| 942 |
_2ddc _cBK |
||
| 999 |
_c3979 _d3979 |
||